[Event "Karpov Trophy XVI 2018"]
[Site "Cap d/^Agde"]
[Date "2018.11.02"]
[Round "8"]
[White "Barseghyan, Harutyun"]
[Black "Kravtsiv, Martyn"]
[Result "0-1"]
[WhiteElo "2466"]
[BlackElo "2654"]
[Annotator "TA"]
[PlyCount "154"]
[EventDate "2018.10.27"]
[EventCountry "FRA"]
[SourceTitle "playchess.com"]
[Source "ChessBase"]
[SourceQuality "1"]

{[%evp 17,154,0,1,0,15,20,38,36,37,5,0,0,18,7,16,13,19,0,0,0,0,-2,-9,-42,-41,-43,-42,-67,-63,-83,-78,-74,-69,-101,0,0,0,-44,0,-8,-38,-129,-129,-148,-133,-145,-140,-152,-164,-149,-149,-161,-184,-203,-202,-208,-186,-194,-200,-170,-141,-156,-144,-139,-139,-157,0,0,0,0,0,0,0,0,0,0,23,0,24,2,8,8,30,-8,-7,-8,-8,-7,0,0,0,-3,0,0,0,-188,-179,-440,-393,-497,-580,-559,-537,-564,-572,-563,-544,-609,-526,-495,-489,-463,-305,-5600,-5182,-29960,-29961,-29963,-29963,-29967,-29968,-29969,-29969,-29969,-29970,-29970,-29971,-29970,-29971,-29973,-29972,-29972,-29974,-29973,-29974,-29971,-29973,-29974,-12351]} 1. d4 Nf6 2. c4 e6 3. g3 d5 4. Nf3 Be7 5. Bg2 O-O 6. O-O dxc4 7. Qc2 b6 {E05: Katalanisch} (7... a6 8. a4 Bd7 9. Qxc4 Bc6 10. Bf4 Nbd7 11. Qc2 Bd6 12. Bg5 h6 13. Bxf6 Nxf6 14. Nbd2 Bb4 15. e3 a5 16. Rfd1 Rc8 17. Rac1 Bxf3 18. Bxf3 c6 {½-½ (42) Ding,L (2804)-Giri,A (2780) Batumi 2018}) 8. Nbd2 Bb7 9. Nxc4 Be4 {LiveBook: 9 Partien. Die Stellung ist ausgeglichen.} 10. Qa4 Nbd7 $146 ({Vorgänger:} 10... Nc6 11. Nce5 Qd5 12. Nxc6 Qxc6 13. Qxc6 Bxc6 14. Bf4 Bd6 15. Rfc1 {½-½ (28) Burdalev,K (2343)-Prithu,G (2293) Prague 2017}) 11. Bg5 h6 12. Bxf6 $1 Nxf6 13. Nce5 Qd5 14. Rac1 Bd6 15. Nc6 a5 16. Ne1 b5 17. Qc2 Bxc2 18. Bxd5 Nxd5 19. Nxc2 Nb4 $36 {[%mdl 2048] Schwarz hat Initiative.} 20. N2xb4 (20. Na3 {seems wilder.} Nxa2 21. Rc2 b4 22. Nb5 Ra6 23. e4) 20... axb4 21. e4 {zielt auf e5 ab.} Rfe8 22. e5 Bf8 $1 23. Ra1 Ra6 $1 {[%cal Ra6c6]} 24. Rfc1 Rea8 25. b3 h5 (25... Rxa2 $17 26. Rxa2 Rxa2) 26. Rc2 $11 Ra3 27. Kg2 Kh7 (27... Rxb3 $5 28. axb3 Rxa1 $15) 28. Rac1 Kg6 29. d5 (29. Ra1 $15) 29... exd5 $17 30. Rd2 Rxa2 31. Rxd5 Rb2 $1 32. Rxb5 Raa2 ({Viel schwächer ist} 32... Rxb3 33. e6 $15) 33. Rf1 Rxb3 34. e6 fxe6 35. Ne5+ Kh7 $1 36. Nf3 Bd6 37. Rxh5+ Kg6 38. Rg5+ Kf6 39. h4 Rba3 40. h5 Kf7 41. Rg6 Rxf3 $2 (41... b3 $1 $17 {Und ...Ta1 würde nun gewinnen.} 42. Ng5+ Ke8 43. Rxg7 b2 44. Rg8+ Kd7) 42. Kxf3 {[%mdl 4096] Endspiel KTT-KTL} b3 43. Rb1 b2 44. Rg5 c6 45. Ke2 Be7 46. Rg4 Bf6 47. Kd2 Ke7 48. Kc2 Ra5 49. Rc4 Rf5 50. f4 {Droht stark g4.} Rxh5 51. g4 Rh2+ 52. Kb3 Rh3+ 53. Kc2 Rh2+ 54. Kb3 Rh3+ 55. Kc2 Rh4 56. Rg1 $2 {[#]} (56. g5 $11 Bxg5 57. Rxb2) 56... c5 $1 $19 {[%mdl 512]} 57. Re4 $2 {[#]} (57. Rf1) (57. Rxc5 Bd4) 57... Bd4 $1 58. Rge1 Rxg4 59. Rxe6+ {[#]} Kf7 $1 60. f5 Rf4 61. Rb6 Rxf5 62. Kb1 Rf6 63. Rb7+ Kg6 64. Rd1 Ra6 65. Rxd4 $2 (65. Kc2) 65... cxd4 66. Kxb2 {KT-KT} Rc6 {Schwarz setzt Matt.} 67. Rd7 Kf6 68. Rxd4 g5 69. Rd1 Kf5 70. Rf1+ Ke4 71. Rg1 Kf4 72. Rf1+ Ke3 73. Rg1 Rc5 74. Kb3 Kf2 75. Rg4 Kf3 76. Rg1 g4 77. Kb4 Rc8 {Precision: Weiß = 40%, Schwarz = 71%.} (77... Rg5 $142 78. Rf1+ Ke2 79. Rf8 g3 80. Re8+ Kf3 81. Rf8+ Ke2 82. Re8+ Kf3 83. Rf8+ Ke2) 0-1

[Event "Karpov Trophy XVI 2018"]
[Site "Cap d/^Agde"]
[Date "2018.11.02"]
[Round "8"]
[White "Khademalsharieh, Sarasadat"]
[Black "Malakhatko, Vadim"]
[Result "1-0"]
[WhiteElo "2431"]
[BlackElo "2552"]
[Annotator "TA"]
[PlyCount "215"]
[EventDate "2018.10.27"]
[EventCountry "FRA"]
[SourceTitle "playchess.com"]
[Source "ChessBase"]
[SourceQuality "1"]

{[%evp 14,215,9,8,16,16,37,31,46,43,51,1,16,18,15,4,20,21,14,17,5,0,8,-1,0,0,3,11,12,0,-2,-18,0,0,0,0,29,29,20,11,41,0,11,10,29,29,29,29,30,14,27,20,24,0,0,0,0,0,0,0,0,0,0,0,14,0,41,41,71,0,0,0,0,0,8,6,167,16,208,43,1026,1016,710,536,847,824,759,742,1377,1376,1018,971,29973,29973,29974,29975,29974,29975,29978,724,639,634,610,610,300,0,1060,0,0,0,0,0,0,0,29970,29971,29971,29972,29970,29971,29973,29974,29984,29975,5306,29976,29976,29977,29978,29979,29977,29980,29980,29981,29981,29982,29983,29982,29982,29983,29983,29974,29974,29974,29974,0,1598,250,214,153,152,8,8,0,0,0,0,0,8,8,8,8,0,0,0,0,8,8,14,0,0,0,8,8,8,8,8,8,8,8,8,8,8,8,3948,3297,29984,29985,29985,65,75,83,5097,29966,29970,29971,29970,29972,29971,29972,29947,8034,29986,29987]} 1. d4 d5 2. c4 dxc4 3. e3 Be6 4. Nf3 Nf6 5. Na3 Bd5 6. Nxc4 e6 {D25: Queen's Gambit Accepted: 4 e3: sidelines and 4...Bg4} 7. Be2 c5 8. O-O {LiveBook: 3 Games} (8. dxc5 Bxc5 9. a3 O-O 10. b4 Be7 11. Bb2 Nbd7 12. O-O Qb8 13. Qd4 Rd8 14. Qh4 {½-½ (31) Parligras,M (2595)-Blomqvist,E (2545) Baku 2016}) 8... Nc6 {The position is equal.} 9. b3 Qc7 10. Bb2 Rd8 11. Qc1 $146 ({Predecessor:} 11. Rc1 Be7 12. Nce5 cxd4 13. exd4 Bd6 14. Bb5 {½-½ (52) Allen,R (1891)-Cehajic,M (1806) IECC email 2002}) 11... Be7 12. h3 O-O 13. dxc5 Ne4 14. Nce5 Bxc5 15. Nxc6 Qxc6 16. Ne5 Qb6 17. Nd3 Be7 18. Bd4 Qa5 19. Qe1 Qa3 20. f3 Nf6 21. e4 Bc6 $1 22. Be3 Nh5 23. Qf2 Bb5 24. Rfd1 Bxd3 25. Bxd3 b6 26. e5 g6 27. Be4 Rxd1+ 28. Rxd1 Rd8 29. Rxd8+ Bxd8 30. g4 Ng7 31. Qd2 Be7 32. Kg2 h5 33. Qc2 Qa5 34. f4 (34. Bf4 {is more complex.} Qe1 35. Qd2 Qa1 36. Bh2 Bc5 37. a4) 34... Bc5 35. Bxc5 bxc5 36. Kf2 Qb6 37. Ke2 hxg4 38. hxg4 Kf8 39. Qc4 Ke7 40. a3 a5 41. Kd2 (41. a4 $16) 41... Ne8 $11 42. Kc3 Nc7 43. a4 Kf8 44. f5 $36 {[%cal Bf4f5,Bf5f6][%mdl 2080] White has the initiative.} g5 $2 (44... gxf5 $11 {and Black has nothing to worry.} 45. gxf5 exf5 46. Bxf5 Na6) 45. Qd3 $2 (45. f6 $1 $18) 45... Ke8 $2 (45... Ne8 $11) 46. Kb2 $2 (46. f6 $1 $18) 46... Ke7 $2 {[%mdl 8192]} (46... Na6 $14) 47. f6+ $1 $18 Ke8 48. Qe3 Kd7 49. Qd2+ Kc8 50. Qxg5 {And now Qg8+ would win.} Kb8 51. Qe3 (51. Qg8+ Ka7 $18) 51... Qb4 52. g5 Nd5 53. Bxd5 exd5 {[%mdl 4096] Endgame KQ-KQ} 54. e6 d4 55. Qf4+ Ka7 56. e7 (56. exf7 $142 Qc3+ 57. Ka2 Qc2+ 58. Ka3 Qc3 59. Qh2 Qa1+ 60. Qa2 Qe1 61. Qb2 (61. f8=Q Qb4+ 62. Kb2 Qc3+ 63. Kb1 Qe1+ 64. Kc2 Qe2+ 65. Kc1 Qe1+ 66. Kc2 Qe2+ 67. Kc1 Qe1+ 68. Kc2 $11) 61... Qb4+ 62. Ka2) 56... Qc3+ 57. Ka2 Qc2+ 58. Ka3 Qc3 {[%cal Rc3a1]} 59. Qh2 $2 ({White should play} 59. Qc7+ $18 Ka6 60. Qd6+ Kb7 61. Qd7+ Kb6 62. Qb5+ Ka7 63. Qf1) 59... Qa1+ $11 60. Qa2 Qe1 61. Qb2 d3 $1 62. g6 fxg6 63. Ka2 c4 $2 {[%mdl 8192]} (63... Ka6 $11) 64. bxc4 d2 65. Qd4+ Ka6 66. Qd6+ Kb7 67. Qd7+ Kb6 68. Qb5+ Kc7 69. Qxa5+ (69. e8=Q Qxe8 70. Qxe8 d1=Q $16) 69... Kb7 70. Qd5+ Ka7 71. Qd7+ ({Inferior is} 71. Qf7 Qb1+ 72. Kxb1 d1=Q+ 73. Kb2 Qe2+ 74. Ka3 Qe3+ 75. Kb4 Qb6+ 76. Ka3 Qe3+ 77. Kb2 Qe2+ 78. Kb3 Qe3+ 79. Kb4 Qb6+ 80. Kc3 Qe3+ 81. Kc2 Qe2+ 82. Kb3 Qe3+ 83. Kb4 $11) 71... Ka6 72. Qc8+ Ka7 73. Qc7+ Ka6 74. a5 {[%csl Ga5][%cal Rc7b6]} Qf2 75. Qc6+ Ka7 76. Qd7+ Ka6 77. Kb3 Qe2 78. Qb5+ Ka7 79. Qd7+ (79. Qb6+ $142 Ka8 80. Qd8+ Ka7 81. Qb6+ Ka8 82. Qd8+ Kb7 83. Qb6+ Ka8) 79... Ka6 $18 80. e8=Q $2 (80. Qc6+ Ka7 81. Qc7+ Ka8 82. Qc6+ Ka7 83. Qd7+ Ka6) 80... d1=Q+ 81. Qxd1 Qxd1+ {KQ-KQ} 82. Kb4 (82. Kc3 $16 {[%cal Re8a8]} Qc1+ 83. Kb3 Qd1+ 84. Kc3 Qc1+ 85. Kb4 (85. Kb3 Qd1+ $16) 85... Qb1+ 86. Kc5 Qf5+ 87. Kd6 (87. Kb4 Qb1+ 88. Kc5 Qf5+ 89. Kd6 Qxf6+ 90. Qe6 Qf8+ 91. Kc7+ Kxa5 $18) 87... Qxf6+ 88. Qe6 Qd8+ 89. Ke5+ Ka7 90. Qd5 Qe7+ 91. Kf4) 82... Qd6+ $11 83. Ka4 {[%cal Re8a8]} Qd1+ 84. Ka3 {[%cal Re8a8]} Qd3+ 85. Kb4 {[%cal Re8a8]} Qd6+ 86. Kc3 {[%cal Re8a8]} Qxf6+ 87. Kb3 {[%cal Re8a8]} Ka7 88. Qe3+ Ka6 89. Qe8 {[%cal Re8a8]} Ka7 90. Qd7+ Ka6 91. Qb5+ Ka7 92. Qd5 {Strongly threatening c5.} g5 93. c5 g4 {aiming for ...Qf3+.} 94. Qd7+ Ka6 95. Qxg4 {Hoping for Qe4.} Qc6 96. Qb4 {White wants to mate with Qb6+.} Qf3+ 97. Qc3 Qd1+ 98. Ka3 {Qf6+ is the strong threat.} Qd7 $2 {[%mdl 8192]} (98... Qf1 $11 99. Qe5 Qd3+ 100. Kb4 Qb5+ 101. Kc3 Qxa5+ 102. Kd3 Qa4 103. Qd6+ Kb7) 99. Qf6+ $18 Ka7 100. Qb6+ Ka8 101. Qd6 $2 (101. Qa6+ {mates} Kb8 102. Qd6+ Qxd6 103. cxd6 Kb7 104. a6+ $1 {[%mdl 512]} Kc6 105. a7 Kxd6 106. a8=Q) 101... Qh3+ 102. Kb4 Qg4+ $2 {[%mdl 8192]} (102... Qg2 $16 103. Qd8+ Ka7) 103. Kb5 Qe2+ {[#]} 104. Kc6 $1 Qa6+ 105. Kd7 Qb7+ {[#]} 106. Kd8 $1 Qb5 107. a6 (107. Qd5+ $142 Kb8 108. Qd6+ Ka8 109. Ke7 Qb7+ 110. Kd8 Qb5) 107... Qa5+ 108. Kd7 {Precision: White = 48%, Black = 45%.} 1-0

[Event "Karpov Trophy XVI 2018"]
[Site "Cap d/^Agde"]
[Date "2018.11.02"]
[Round "8"]
[White "Karpatchev, Aleksandr"]
[Black "Sumets, Andrey"]
[Result "0-1"]
[WhiteElo "2416"]
[BlackElo "2575"]
[Annotator "TA"]
[PlyCount "82"]
[EventDate "2018.10.27"]
[EventCountry "FRA"]
[SourceTitle "playchess.com"]
[Source "ChessBase"]
[SourceQuality "1"]

{[%evp 21,82,26,20,20,24,15,29,20,20,18,26,15,14,-116,-114,-107,-114,-71,-66,-47,-47,-50,-43,-91,-88,-97,-84,-128,-80,-137,-137,-137,-137,-142,-147,-135,-99,-104,-39,-45,-16,-16,0,-62,0,-148,-140,-122,-117,-121,-84,-163,-129,-408,-251,-398,-399,-604,-585,-573,-562,-530,-465]} 1. e4 Nc6 2. Nf3 d6 3. d4 Nf6 4. Nc3 g6 5. Be2 Bg7 6. O-O O-O 7. d5 Nb8 8. Re1 c6 9. Bf1 {B08: Pirc Defence: Classical System} (9. h3 b6 10. Bf4 Bb7 11. Qd2 Nbd7 12. a4 a6 13. dxc6 Bxc6 14. Bd3 e5 15. Bh6 Nc5 16. Bxg7 Kxg7 17. b4 Nxd3 18. cxd3 {0-1 (36) Anand,V (2759)-Nakamura,H (2769) Paris 2018}) 9... Bg4 10. h3 Bxf3 11. Qxf3 Nbd7 {[%cal Bb8d7,Bd7e5,Be5c4][%mdl 32] LiveBook: 6 Games} 12. a4 Qa5 $146 ({Predecessor:} 12... Rc8 13. a5 a6 14. Be3 e6 15. dxe6 fxe6 {½-½ (66) Roos,D (2420)-Polzin,R (2445) Germany 1997}) 13. Qd1 a6 14. Bd2 Rfc8 15. g3 cxd5 16. exd5 Ne5 17. f4 (17. Rb1 $11 {remains equal.}) 17... Nc4 $17 18. Bxc4 Rxc4 19. Rxe7 Nxd5 20. Nxd5 Qxd5 21. c3 $1 Qc6 22. Qb3 Bf8 23. Re2 d5 24. a5 Re4 25. Rxe4 (25. Rae1 $142) 25... dxe4 26. Be3 Bc5 27. Bd4 Bxd4+ 28. cxd4 {[%mdl 4096] Endgame KQR-KQR} Qd7 29. Kg2 Re8 (29... Rc8 $17 30. Rd1 Qf5) 30. d5 $15 h5 31. Re1 h4 32. g4 (32. gxh4 $11 Qf5 33. Qa4 (33. Qxb7 e3 $15)) 32... Qc7 (32... Qd6 $15 33. Qa4 Re7) 33. Qe3 (33. Qa4 $11 Kf8 34. Qb4+ (34. Rxe4 Rxe4 35. Qxe4 Qxa5 $11) 34... Kg8 35. Qa4) 33... Qxa5 $17 34. Rd1 Qb4 35. Rd2 Rd8 36. b3 (36. f5 $17 {might work better.}) 36... a5 37. g5 $2 {[%mdl 8192] [#]} (37. f5 $17) 37... Qb5 38. d6 (38. Qxe4 $142 Qxb3 39. Qd3 Qxd3 40. Rxd3) 38... Qc6 $19 39. Kf2 (39. Re2 $142 Qxd6 40. Qxe4) 39... Rxd6 {Black is clearly winning.} 40. Rxd6 Qxd6 41. Qxe4 Qb6+ {Precision: White = 43%, Black = 52%.} 0-1

[Event "Karpov Trophy XVI 2018"]
[Site "Cap d/^Agde"]
[Date "2018.11.02"]
[Round "8"]
[White "Gautier, Anand"]
[Black "Dauphin, Thomas"]
[Result "1-0"]
[WhiteElo "2254"]
[BlackElo "1986"]
[Annotator "NA"]
[PlyCount "63"]
[EventDate "2018.10.27"]
[EventCountry "FRA"]
[SourceTitle "playchess.com"]
[Source "ChessBase"]
[SourceQuality "1"]
[TimeControl "5400+30"]

1. e4 {[%emt 0:00:00]} e6 {[%emt 0:00:00]} 2. d4 {[%emt 0:00:00]} d5 {[%emt 0:00:03]} 3. Nc3 {[%emt 0:00:00]} Bb4 {[%emt 0:01:07]} 4. e5 {[%emt 0:00:00]} c5 {[%emt 0:00:06]} 5. a3 {[%emt 0:00:04]} Bxc3+ {[%emt 0:01:07]} 6. bxc3 {[%emt 0:00:05]} Ne7 {[%emt 0:00:56]} 7. Qg4 {[%emt 0:00:51]} cxd4 {[%emt 0:01:27]} 8. cxd4 {[%emt 0:02:52]} Qc7 {[%emt 0:00:11]} 9. Bd2 {[%emt 0:01:49]} Qxc2 {[%emt 0:00:16] C18: French: 3 Nc3 Bb4: Main line: 7 h4 and 7 Qg4} 10. Rc1 {[%emt 0:04:14] LiveBook: 8 Games} (10. Ne2 Nbc6 11. Qxg7 Rg8 12. Qf6 Bd7 13. h4 Nxd4 14. Nxd4 Qb2 15. Rc1 Qxd4 16. Bg5 Ng6 17. Be2 Qxe5 18. Qxe5 Nxe5 {0-1 (47) Hansen,M (2393)-Ivanov,S (2539) Sweden 2018}) 10... Qe4+ {[%emt 0:01:44]} 11. Qxe4 {[%emt 0:00:53]} dxe4 {[%emt 0:00:03]} 12. Ne2 {[%emt 0:03:38]} Nbc6 {[%emt 0:06:43]} 13. g4 {[%emt 0:10:11]} b6 $146 {[%emt 0:14:35]} ({Predecessor:} 13... h5 14. g5 Nf5 15. Bg2 Nfxd4 16. Nxd4 Nxd4 17. Bxe4 {1-0 (60) Korbut,E (2330)-Manakova,M (2395) Warsaw 2001}) 14. Bg2 {[%emt 0:03:43]} Ba6 {[%emt 0:00:27]} 15. Bxe4 {[%emt 0:12:19]} Rc8 {[%emt 0:00:46]} 16. Bb4 {[%emt 0:09:15]} Kd7 {[%emt 0:17:22]} 17. Kd2 {[%emt 0:06:08]} Rhd8 {[%emt 0:07:55]} 18. Rhd1 {[%emt 0:13:31]} Nxb4 {[%emt 0:08:44]} 19. axb4 {[%emt 0:00:56]} Bc4 {[%emt 0:06:56]} 20. Nf4 {[%emt 0:05:03]} Bd5 {[%emt 0:07:53]} 21. Nxd5 {[%emt 0:02:18]} Nxd5 {[%emt 0:02:35]} 22. Bxd5 {[%emt 0:02:48]} exd5 {[%emt 0:00:15]} 23. b5 {[%emt 0:01:56]} Ke6 {[%emt 0:04:03]} 24. f4 {[%emt 0:00:44]} g6 {[%emt 0:00:03]} 25. Ke3 {[%emt 0:04:10]} Rf8 {[%emt 0:04:33]} 26. h4 {[%emt 0:02:58]} Kd7 $18 {[%emt 0:01:38]} (26... h5 $16 {is a better defense.}) 27. Kd2 {[%emt 0:02:18]} (27. Rxc8 $18 Rxc8 28. Ra1) 27... Rh8 {[%emt 0:04:48]} 28. Rf1 {[%emt 0:07:15]} Ke7 {[%emt 0:01:09]} 29. Ke3 {[%emt 0:02:59]} Kd7 {[%emt 0:00:12]} 30. f5 {[%emt 0:00:33]} Rxc1 {[%emt 0:00:44]} 31. Rxc1 {[%emt 0:00:12]} Rc8 {[%emt 0:00:01]} 32. e6+ {[%emt 0:00:30]} 1-0

[Event "Karpov Trophy XVI 2018"]
[Site "Cap d/^Agde"]
[Date "2018.11.02"]
[Round "8"]
[White "Gautier, Nathan"]
[Black "Dauphin, Thomas"]
[Result "1-0"]
[WhiteElo "2254"]
[BlackElo "1986"]
[Annotator "TA"]
[PlyCount "63"]
[EventDate "2018.10.27"]
[EventCountry "FRA"]
[SourceTitle "playchess.com"]
[Source "ChessBase"]
[SourceQuality "1"]

{[%evp 23,63,-41,-18,-27,-13,-8,-8,-17,-6,-47,-14,-56,6,-33,0,0,6,2,106,101,83,103,91,90,171,165,127,73,123,115,260,163,189,150,222,196,250,239,418,418,29981,29982]} 1. e4 e6 2. d4 d5 3. Nc3 Bb4 4. e5 c5 5. a3 Bxc3+ 6. bxc3 Ne7 7. Qg4 cxd4 8. cxd4 Qc7 9. Bd2 Qxc2 {C18: French: 3 Nc3 Bb4: Main line: 7 h4 and 7 Qg4} 10. Rc1 (10. Ne2 Nbc6 11. Qxg7 Rg8 12. Qf6 Bd7 13. h4 Nxd4 14. Nxd4 Qb2 15. Rc1 Qxd4 16. Bg5 Ng6 17. Be2 Qxe5 18. Qxe5 Nxe5 {0-1 (47) Hansen,M (2393)-Ivanov,S (2539) Sweden 2018}) 10... Qe4+ 11. Qxe4 dxe4 12. Ne2 Nbc6 {LiveBook: 3 Games} 13. g4 b6 $146 ({Predecessor:} 13... h5 14. g5 Nf5 15. Bg2 Nfxd4 16. Nxd4 Nxd4 17. Bxe4 {1-0 (60) Korbut,E (2330)-Manakova,M (2395) Warsaw 2001}) 14. Bg2 Ba6 15. Bxe4 Rc8 16. Bb4 Kd7 17. Kd2 (17. Bxe7 $5 Nxe7 18. Kd2 $11) 17... Rhd8 (17... Nd5 $15) 18. Rhd1 Nxb4 19. axb4 {[%cal Ba3b4,Bb4b5][%mdl 32]} Bc4 20. Nf4 Bd5 (20... Ke8 $11 {keeps the balance.}) 21. Nxd5 Nxd5 22. Bxd5 exd5 $16 {[%mdl 4096] Endgame [#] KRR-KRR} 23. b5 $1 Ke6 {[#]} (23... h5 $16) 24. f4 $1 $18 g6 25. Ke3 (25. Kd3 $142) 25... Rf8 26. h4 Kd7 (26... Rh8 $16) 27. Kd2 Rh8 28. Rf1 Ke7 (28... Rxc1 $16 29. Rxc1 h5) 29. Ke3 Kd7 (29... h5 {keeps fighting.}) 30. f5 Rxc1 $2 (30... gxf5 {is a better defense.} 31. Ra1 (31. gxf5 Rhg8 $16) 31... Rc3+ 32. Kd2 Rhc8) 31. Rxc1 Rc8 {[#]} (31... Ra8 $18 32. Ra1 Ke8) 32. e6+ $1 {[%mdl 512] Precision: White = 47%, Black = 10%.} 1-0

[Event "Karpov Trophy XVI 2018"]
[Site "Cap d/^Agde"]
[Date "2018.11.02"]
[Round "8"]
[White "Carrillo, Jesus"]
[Black "Jehan, Julien"]
[Result "0-1"]
[WhiteElo "1967"]
[BlackElo "1991"]
[Annotator "NA RC"]
[PlyCount "72"]
[EventDate "2018.10.27"]
[EventCountry "FRA"]
[SourceTitle "playchess.com"]
[Source "ChessBase"]
[SourceQuality "1"]
[TimeControl "5400+30"]

{[%evp 8,72,10,30,6,21,33,33,21,7,4,0,0,1,0,-13,-18,-9,-12,-37,-12,-13,-16,-19,-8,0,-12,-18,-11,-7,-6,-14,0,-42,-27,-35,-32,-152,-185,-185,-195,-197,-191,-256,-291,-207,-300,-221,-287,-231,-256,-364,-296,-288,-269,-255,-262,-495,-533,-445,-165,-181,-228,-153,-187,-1264,-1434]} 1. e4 {[%emt 0:00:15]} c6 {[%emt 0:00:00]} 2. d4 {[%emt 0:07:55]} d5 {[%emt 0:01:07]} 3. exd5 {[%emt 0:01:52]} cxd5 {[%emt 0:00:09]} 4. Bd3 {[%emt 0:00:49]} Nc6 {[%emt 0:00:54]} 5. c3 {[%emt 0:00:14]} Qc7 {[%emt 0:00:39]} 6. h3 {[%emt 0:00:29]} e5 {[%emt 0:00:39] B13: Caro-Kann: Exchange Variation and Panov-Botvinnik Attack} 7. dxe5 {[%emt 0:01:26]} Nxe5 {[%emt 0:00:44] LiveBook: 4 Games} 8. Qe2 {[%emt 0:04:34]} (8. Nf3 Bd6 9. Nxe5 Bxe5 10. O-O Nf6 11. Nd2 O-O 12. Nf3 Bd6 13. Re1 h6 14. Nd4 {0-1 (82) Malakhov,V (2686)-Howell,D (2676) Riadh 2017}) 8... Be7 {[%emt 0:03:49]} 9. Bb5+ {[%emt 0:02:36]} Nc6 {[%emt 0:05:35]} 10. Nf3 {[%emt 0:00:44]} Nf6 {[%emt 0:02:51]} 11. Bg5 {[%emt 0:05:02]} O-O {[%emt 0:02:23]} 12. O-O {[%emt 0:00:47]} h6 $146 {[%emt 0:07:26]} 13. Bh4 {[%emt 0:01:43]} Bf5 {[%emt 0:02:45]} 14. Nbd2 {[%emt 0:20:26]} Rfe8 {[%emt 0:05:42]} 15. Qd1 {[%emt 0:07:54]} a6 {[%emt 0:04:45]} 16. Ba4 {[%emt 0:02:24]} Rad8 {[%emt 0:06:23]} 17. Nd4 {[%emt 0:06:32]} Bg6 {[%emt 0:01:42]} 18. N2f3 {[%emt 0:08:06]} Ne4 {[%emt 0:06:07]} 19. Bxe7 {[%emt 0:01:00]} Rxe7 {[%emt 0:01:05]} 20. Bxc6 {[%emt 0:00:28]} bxc6 {[%emt 0:00:31]} 21. Qa4 {[%emt 0:00:09]} Rd6 {[%emt 0:06:43]} 22. Nc2 {[%emt 0:10:04]} (22. Nh4 $1 $11 {keeps the balance.}) 22... Nc5 {[%emt 0:09:30]} 23. Qa3 {[%emt 0:00:26]} Nd3 {[%emt 0:05:51]} ({Weaker is} 23... Bxc2 24. Qxc5 Be4 25. Nd2 $11) 24. Ne3 {[%emt 0:01:56]} Rf6 {[%emt 0:05:30]} 25. Nh4 {[%emt 0:05:44]} (25. Nd4 {was necessary.}) 25... Be4 {[%emt 0:00:29]} 26. Ng4 {[%emt 0:03:14]} Rfe6 {[%emt 0:00:24]} 27. Ne3 {[%emt 0:01:14]} Qe5 {[%emt 0:03:15]} 28. g3 {[%emt 0:03:47]} Qh5 {[%emt 0:03:40]} 29. Neg2 {[%emt 0:02:00]} Qe2 {[%emt 0:02:51]} 30. Qxa6 {[%emt 0:00:36]} g5 {[%emt 0:01:04]} ({Much less strong is} 30... Qxb2 31. Rab1 $17) 31. Rae1 {[%emt 0:00:19]} Qxb2 {[%emt 0:03:17]} ({Worse is} 31... Nxe1 32. Qxe2 Bxg2 33. Qg4 $14) 32. Rb1 $2 {[%emt 0:00:37]} (32. Rxe4 {is the only way for White.} dxe4 33. Nf5) 32... Qxc3 {[%emt 0:01:26]} 33. Rb3 {[%emt 0:00:15]} Qd2 $2 {[%emt 0:00:32]} (33... Qc4 34. Qa8+ Re8) 34. Nf3 {[%emt 0:00:13]} Bxf3 {[%emt 0:02:02]} 35. Rxd3 {[%emt 0:00:06]} Qe2 {[%emt 0:00:28]} 36. Re3 $19 {[%emt 0:00:40]} (36. Qa3 Be4 37. Rb3) 36... Qxa6 {[%emt 0:00:23]} 0-1

[Event "Karpov Trophy XVI 2018"]
[Site "Cap d/^Agde"]
[Date "2018.11.03"]
[Round "9"]
[White "Kravtsiv, Martyn"]
[Black "David, Alberto"]
[Result "1-0"]
[WhiteElo "2654"]
[BlackElo "2555"]
[Annotator "TA"]
[PlyCount "83"]
[EventDate "2018.10.27"]
[EventCountry "FRA"]
[SourceTitle "playchess.com"]
[Source "ChessBase"]
[SourceQuality "1"]

{[%evp 14,83,28,10,29,10,16,0,10,0,0,-30,-27,-24,-28,-27,-3,-43,-19,-33,-22,-45,-47,-48,-66,-71,0,-22,0,0,0,0,0,0,-4,-3,0,0,0,0,0,0,0,0,0,0,0,0,0,-13,0,0,0,0,0,0,0,0,0,0,0,0,0,0,676,676,647,586,605,572,9260,8699]} 1. d4 Nf6 2. c4 e6 3. Nc3 Bb4 4. f3 O-O 5. a3 Bxc3+ 6. bxc3 Nh5 {E27: Nimzo-Indian: Sämisch: 5...0-0 6 f3} 7. Nh3 f5 8. e4 {LiveBook: 7 Games} d6 {The position is equal.} (8... fxe4 9. Be2 Nf6 10. O-O d6 11. Ng5 exf3 12. Bxf3 h6 13. Ne4 Nbd7 14. Bf4 {1-0 (28) Volkov,S (2645)-Sjugirov,S (2650) St Petersburg 2017}) 9. exf5 $146 ({Predecessor:} 9. Bd3 f4 10. Nf2 e5 11. O-O c5 12. Be2 Qe7 13. dxe5 dxe5 14. Qd5+ {½-½ (53) Laghetti,G (2425)-Klauner,T (2441) ICCF email 2015}) 9... exf5 10. Kf2 h6 11. g3 Qf6 12. Be2 Qf7 13. Rb1 Nc6 14. Re1 b6 15. Nf4 Nxf4 16. Bxf4 Ba6 17. Qa4 Na5 18. c5 Bxe2 $1 19. Rxe2 dxc5 (19... g5 $17 20. Bd2 dxc5) 20. dxc5 Rfe8 21. Rbe1 $36 {[%mdl 2048] White has the initiative.} Rxe2+ 22. Rxe2 Rd8 23. h4 Kh7 24. Qc2 Rd5 25. cxb6 cxb6 26. Rd2 Nc4 27. Rxd5 Qxd5 28. a4 Kg8 29. h5 Kf7 30. g4 Kf6 31. Qe2 Ne5 {aiming for ...Nd3+.} 32. Kg3 fxg4 33. fxg4 Nd3 34. Bb8 Nc5 35. Bxa7 Ne4+ 36. Kh3 Ng5+ 37. Kh2 Qd6+ 38. Kg1 Qc5+ $2 {[%mdl 8192] [#]} (38... Qg3+ $11 39. Kf1 Qh3+ 40. Qg2 Qd3+ 41. Kg1 Nh3+ 42. Kh2 Ng5 43. Qc6+ Ke7 44. Bxb6 Qd2+ 45. Kh1 Qe1+ 46. Kg2 Qe2+ 47. Bf2 Qxg4+ 48. Kf1 Qd1+ 49. Be1 Qd3+ 50. Kg1 Nf3+ 51. Kf2 Ne5 52. Qc5+ Ke6) 39. Qf2+ $18 {White is clearly winning.} Qxf2+ 40. Kxf2 Ne4+ 41. Kf3 Nxc3 42. a5 {Precision: White = 72%, Black = 44%.} 1-0